000 00610nam a22002177a 4500
003 OSt
005 20220218121503.0
008 201103b ||||| |||| 00| 0 eng d
020 _a9789386286093
040 _cCURAJ
082 _a515.7
_bL62F
100 _aLimaye, Balmohan V
245 _aFunctional analysis
_cby Balmohan V Limaye
250 _a3rd rev. ed.
260 _aNew Delhi
_bNew Age International (P) Ltd.
_c2019
300 _axii, 612p.
_bPaperback
500 _aUGC Start-Up Research Grant: Mathematics Project
653 _aMathematics
653 _aFunctional analysis
942 _cBK
_2ddc
999 _c23933
_d23933